Animals in Italy - Sudden Death - Statistics

General Stats
  • This quiz has been taken 23 times
    8 since last reset
  • The average score is 9 of 18
Answers on the Grid
Answers color-coded by a green-red scale on the quiz's grid according to % correct below.
Tiger
Blue Whale
Wolf
Squirrel
Water Buffalo
boar
Fin Whale
Lynx
Rattle Snake
Walrus
Eagle
Manatee
Red Fox
Owl
Porcupine
Lion
Bat
Viper
Polar Bear
monk seal
Brown Bear
Black Bear
penguin
Moray Eel
Kangaroo
Octopus
Panda
Jaguar
Ostrich
Elephant
Beaver
Flamingo
 
Answer Stats
Answer % Correct
Squirrel
83%
Wolf
83%
Bat
67%
Lynx
67%
Owl
67%
Red Fox
67%
Viper
67%
Beaver
50%
boar
50%
Brown Bear
50%
Eagle
50%
Fin Whale
50%
monk seal
50%
Moray Eel
33%
Octopus
33%
Porcupine
33%
Flamingo
17%
Jaguar
0%
No matching quizzes found
Score Distribution
Percent of People with Each Score
Percentile by Number Answered
Your Score History
You have not taken this quiz since the last reset